| 000 | 00946cam a22002655a 4500 | ||
|---|---|---|---|
| 001 | 17444832 | ||
| 005 | 20150622141621.0 | ||
| 008 | 120829t2013 enkadk frb 001 0 eng d | ||
| 020 | _a9781781006979 (hbk.) | ||
| 040 |
_aDLC _beng _cDLC _dEG-ScBUE |
||
| 082 | 0 | 4 |
_a658.408 _222 _bBJE |
| 100 | 1 |
_a Bjerke, Björn, _d1941- _938184 |
|
| 245 | 1 | 0 |
_aSocial entrepreneurship : _bto act as if and make a difference / _cBjorn Bjerke and Mathias Karlsson. |
| 260 |
_aCheltenham ; _aNorthampton : _bEdward Elgar publishing, _cc.2013 |
||
| 300 |
_aix, 191 p. : _bcharts, forms, tables ; _c24 cm. |
||
| 500 | _aIndex : p. 189-191. | ||
| 504 | _aBibliography : p. 165-188. | ||
| 650 | 0 |
_aSocial entrepreneurship _vCase studies. _2BUEsh |
|
| 650 | 0 |
_aSocial responsibility of business _vCase studies. _2BUEsh |
|
| 651 | _2BUEsh | ||
| 653 |
_bBUSADM _cJune2015 |
||
| 655 |
_vreading book _934232 |
||
| 700 | 1 | _aKarlsson, Mathias. | |
| 942 |
_2ddc _k658.408 BJE |
||
| 999 |
_c19607 _d19579 |
||